Rozvoj marketingového poradenstva a typológia poradenských stratégií v súčasných podmienkach slovenského trhu

Salvato in:
Dettagli Bibliografici
Autore principale: Tkáčiková, Jarmila
Natura: Capitolo di libro
Lingua:slovacco
Tags: Aggiungi Tag
Nessun Tag, puoi essere il primo ad aggiungerne!!

MARC

LEADER 00000naa$a2200000$$$4500
001 0106553
005 20240502072159.8
041 0 |a slo 
044 |a SK 
245 1 0 |a Rozvoj marketingového poradenstva a typológia poradenských stratégií v súčasných podmienkach slovenského trhu  |c Jarmila Tkáčiková 
100 1 |a Tkáčiková, Jarmila